00324nam a2200109Ia 4500008004100000020001800041041000800059082001600067100001900083245006700102260004500169230717s9999 xx 000 0 und d a81-7024-650-4 aeng a305.42bAHO aAhooja-patel K aWomen And Sustainable Development : An International Dimention aNew DelhibAshish Publishing Housec1995